Subdivision capitals closest to Soroca (MD) - Statistics

General Stats
  • This quiz has been taken 11 times
  • The average score is 15 of 20
Answer Stats
Distance (km) Answer % Correct
4 52 Bâlți
100%
14 93 Briceni
100%
12 74 Edineț
100%
13 78 Fălești
100%
1 30 Florești
100%
10 72 Glodeni
100%
5 53 Șoldănești
100%
16 101 Călărași (MD)
67%
3 52 Dondușeni
67%
2 39 Drochia
67%
20 116 Dubăsari
67%
9 69 Ocnița
67%
15 94 Orhei
67%
8 67 Rezina
67%
7 60 Rîșcani
67%
6 59 Sîngerei
67%
19 114 Strășeni
67%
11 73 Telenești
67%
17 111 Ungheni
67%
18 112 Cocieri
33%
No matching quizzes found
Score Distribution
Percent of People with Each Score
Percentile by Number Answered
Your Score History
You have not taken this quiz